000 01209nam a2200337 i 4500
003 OSt
005 20260622162722.0
008 260602t20242024my gr o001 0 may d
020 _a9786294862067
_cRM33.00
_qpaperback
040 _aPPAK
_beng
_cPPAK
_erda
082 0 4 _223
_a153.9
090 0 0 _a153.9
_bSUR
_dG
100 0 _aSuriani Sudi,
_cDr.,
_eauthor.
245 1 0 _aELEMEN KECERDASAN SPIRITUAL ISLAM UNTUK PEMIMPIN BELIA /
_cSURIANI SUDI, FARIZA MD SHAM, PHAYILAH YAMA
264 1 _aBangi, Selangor :
_bPENERBIT UNIVERSITI KEBANGSAAN MALAYSIA,
_c2024
264 4 _c©2024
300 _a191 pages ;
_c23 cm
336 _atext
_2rdacontent
337 _aunmediated
_2rdamedia
338 _avolume
_2rdacarrier
500 _aContains verses from the Qur'an and qoutes from the Hadith.
500 _aIncludes index.
504 _aBibliography: pages [179]-187.
650 1 0 _aSpiritual intelligence
650 2 0 _aYouth
650 2 0 _aGovernment publications
_zMalaysia
650 2 0 _aLeadership
_xReligious aspects
_xIslam
700 0 _aFariza Md. Sham,
_cProf. Madya, Dr.,
_d1970-
_eauthor.
700 0 _aPhayilah Yama,
_cDr.,
_eauthor.
942 _2ddc
_cB
999 _c204488
_d204488